[Event "CZE-ch Open 2019"]
[Site "Ostrava"]
[Date "2019.04.30"]
[Round "4.12"]
[White "Miesbauer, Jan"]
[Black "Neumann, Filip"]
[Result "1-0"]
[WhiteElo "2402"]
[BlackElo "2076"]
[Annotator "NA"]
[PlyCount "113"]
[EventDate "2019.04.27"]
[EventType "swiss"]
[EventCountry "CZE"]
[SourceTitle "playchess.com"]
[Source "ChessBase"]
[SourceQuality "1"]
[TimeControl "40/5400+30:1800+30"]

1. d4 {[%emt 0:00:00]} Nf6 {[%emt 0:00:00]} 2. Nf3 {[%emt 0:00:00]} g6 {[%emt 0:00:00]} 3. c4 {[%emt 0:00:08]} Bg7 {[%emt 0:00:01]} 4. Nc3 {[%emt 0:00:13]} O-O {[%emt 0:00:07]} 5. Bg5 {[%emt 0:00:38]} d6 {[%emt 0:00:45]} 6. e3 {[%emt 0:00:05]} c5 {[%emt 0:01:04]} 7. Be2 {[%emt 0:01:00]} a6 {[%emt 0:04:25]} 8. O-O {[%emt 0:00:29]} Nc6 {[%emt 0:04:24]} 9. Rc1 {[%emt 0:02:02]} h6 {[%emt 0:04:24]} 10. Bh4 {[%emt 0:00:05]} g5 {[%emt 0:01:53]} 11. Bg3 {[%emt 0:00:06]} Nh5 {[%emt 0:00:25]} 12. dxc5 {[%emt 0:01:00]} Nxg3 {[%emt 0:02:29]} 13. hxg3 {[%emt 0:00:05]} dxc5 {[%emt 0:00:09]} 14. Nd2 {[%emt 0:05:17]} Bf5 {[%emt 0:06:20]} 15. Nde4 {[%emt 0:15:06]} Bxe4 {[%emt 0:11:41]} 16. Nxe4 {[%emt 0:00:06]} b6 {[%emt 0:01:01]} 17. Qc2 {[%emt 0:01:53]} Qc7 {[%emt 0:05:36]} 18. f4 {[%emt 0:00:42]} f5 {[%emt 0:08:55]} 19. Nc3 {[%emt 0:00:44]} Bxc3 {[%emt 0:01:48]} 20. bxc3 {[%emt 0:00:08]} g4 {[%emt 0:00:54]} 21. Bxg4 {[%emt 0:01:29]} e6 {[%emt 0:05:09]} 22. Bf3 {[%emt 0:00:08]} Rad8 {[%emt 0:03:56]} 23. e4 {[%emt 0:01:09]} Ne7 {[%emt 0:02:39]} 24. Rfe1 {[%emt 0:00:47]} Rd7 {[%emt 0:01:57]} 25. exf5 {[%emt 0:00:54]} exf5 {[%emt 0:00:16]} 26. Re6 {[%emt 0:00:37]} Kg7 {[%emt 0:00:47]} 27. Rce1 {[%emt 0:00:26]} Qd8 {[%emt 0:06:27]} 28. Qe2 {[%emt 0:00:34]} Ng6 {[%emt 0:00:12]} 29. Bd5 {[%emt 0:00:18]} Rf6 {[%emt 0:01:23]} 30. Re8 {[%emt 0:04:11]} Qc7 {[%emt 0:00:12]} 31. Rg8+ {[%emt 0:00:20]} Kh7 {[%emt 0:00:15]} 32. Qe8 {[%emt 0:00:48]} Rg7 {[%emt 0:02:20]} 33. Kf2 {[%emt 0:10:58]} Qd7 {[%emt 0:01:31]} 34. Rxg7+ {[%emt 0:02:46]} Qxg7 {[%emt 0:00:08]} 35. Re3 {[%emt 0:04:44]} a5 {[%emt 0:01:18]} 36. Qd8 {[%emt 0:01:52]} h5 {[%emt 0:01:29]} 37. Kg1 {[%emt 0:02:50]} Kh6 {[%emt 0:00:58]} 38. Re6 {[%emt 0:00:58]} Rxe6 {[%emt 0:03:48]} 39. Qg5+ {[%emt 0:00:06]} Kh7 {[%emt 0:00:04]} 40. Bxe6 {[%emt 0:00:25]} Qxc3 {[%emt 0:01:23]} 41. Bxf5 {[%emt 0:30:41]} Qd4+ {[%emt 0:31:30]} 42. Kh2 {[%emt 0:00:06]} Qd6 {[%emt 0:00:13]} 43. Qxh5+ {[%emt 0:00:11]} Kg7 {[%emt 0:00:04]} 44. Qxg6+ {[%emt 0:00:41]} Qxg6 {[%emt 0:00:05]} 45. Bxg6 {[%emt 0:00:06]} Kxg6 {[%emt 0:00:04]} 46. g4 {[%emt 0:02:37]} b5 {[%emt 0:00:12]} 47. cxb5 {[%emt 0:00:05]} c4 {[%emt 0:00:06]} 48. b6 {[%emt 0:00:03]} c3 {[%emt 0:00:13]} 49. b7 {[%emt 0:00:03]} c2 {[%emt 0:00:05]} 50. b8=Q {[%emt 0:00:04]} c1=Q {[%emt 0:00:10]} 51. Qe8+ {[%emt 0:02:11]} Kg7 {[%emt 0:00:09]} 52. Qe5+ {[%emt 0:00:16]} Kg8 {[%emt 0:00:08]} 53. g5 {[%emt 0:00:22]} Qd2 {[%emt 0:00:52]} 54. g6 {[%emt 0:00:29]} Qxa2 {[%emt 0:00:41]} 55. Qh5 {[%emt 0:01:08]} Kg7 {[%emt 0:01:28]} 56. Qh7+ {[%emt 0:00:08]} Kf6 {[%emt 0:00:11]} 57. g7 {[%emt 0:00:12]} 1-0

[Event "CZE-ch Open 2019"]
[Site "Ostrava"]
[Date "2019.04.30"]
[Round "4.13"]
[White "Hausner, Ivan"]
[Black "Malinovsky, Petr"]
[Result "1-0"]
[WhiteElo "2349"]
[BlackElo "2003"]
[Annotator "NA"]
[PlyCount "48"]
[EventDate "2019.04.27"]
[EventType "swiss"]
[EventCountry "CZE"]
[SourceTitle "playchess.com"]
[Source "ChessBase"]
[SourceQuality "1"]
[TimeControl "40/5400+30:1800+30"]

1. Nf3 {[%emt 0:00:00]} d5 {[%emt 0:00:00]} 2. g3 {[%emt 0:00:00]} e6 {[%emt 0:00:01]} 3. Bg2 {[%emt 0:00:00]} c6 {[%emt 0:01:21]} 4. O-O {[%emt 0:00:00]} f5 {[%emt 0:00:14]} 5. d3 {[%emt 0:00:50]} Nf6 {[%emt 0:00:21]} 6. Nbd2 {[%emt 0:00:07]} Be7 {[%emt 0:00:29]} 7. b3 {[%emt 0:01:39]} O-O {[%emt 0:00:40]} 8. Bb2 {[%emt 0:00:04]} b6 {[%emt 0:04:27]} 9. c4 {[%emt 0:05:54]} Bb7 {[%emt 0:01:04]} 10. e4 {[%emt 0:01:58]} fxe4 {[%emt 0:06:09]} 11. dxe4 {[%emt 0:00:07]} c5 {[%emt 0:08:35]} 12. Ng5 {[%emt 0:01:01]} dxe4 $18 {[%emt 0:18:04]} 13. Nxe6 {[%emt 0:00:26]} Qc8 {[%emt 0:01:24]} 14. Nxf8 {[%emt 0:00:08]} Qxf8 15. Qe2 {[%emt 0:00:14]} Nc6 {[%emt 0:04:32]} 16. Nxe4 {[%emt 0:01:04]} Re8 {[%emt 0:00:40]} 17. Rfe1 {[%emt 0:01:19]} Nxe4 {[%emt 0:03:22]} 18. Bxe4 {[%emt 0:00:18]} Nd8 {[%emt 0:02:11]} 19. Bxb7 {[%emt 0:00:39]} Nxb7 {[%emt 0:00:01]} 20. Rad1 {[%emt 0:00:29]} Rd8 {[%emt 0:03:35]} 21. Rxd8 {[%emt 0:00:23]} Bxd8 {[%emt 0:00:34]} 22. Qe6+ {[%emt 0:00:17]} Qf7 {[%emt 0:01:30]} 23. Qe8+ {[%emt 0:00:29]} Qxe8 {[%emt 0:00:06]} 24. Rxe8+ {[%emt 0:00:12]} Kf7 {[%emt 0:00:04]} 1-0

[Event "CZE-ch Open 2019"]
[Site "Ostrava"]
[Date "2019.04.30"]
[Round "4.14"]
[White "Nguyen, Thai Dai Van"]
[Black "Malik, Jan"]
[Result "1-0"]
[WhiteElo "2547"]
[BlackElo "2286"]
[Annotator "TA"]
[PlyCount "98"]
[EventDate "2019.04.27"]
[EventType "swiss"]
[EventCountry "CZE"]
[SourceTitle "playchess.com"]
[Source "ChessBase"]
[SourceQuality "1"]

{[%evp 17,98,25,29,16,26,23,20,16,26,33,16,0,0,0,121,124,85,111,111,122,93,94,195,197,183,185,157,70,86,79,94,101,196,209,204,198,189,183,201,208,208,205,333,332,331,327,337,320,329,241,255,253,252,254,257,248,245,251,251,250,252,250,258,253,243,0,252,248,318,316,310,317,477,470,539,545,549,508,566,558,1765,550,483]} 1. e4 c5 2. Nf3 d6 3. d4 cxd4 4. Nxd4 Nf6 5. Nc3 a6 6. Be3 e5 7. Nb3 Be6 8. f3 Nbd7 9. g4 b5 10. a4 {B90: Sicilian Najdorf: Unusual White 6th moves, 6 Be3 Ng4 and 6 Be3 e5} (10. g5 b4 11. Ne2 Ng8 12. f4 h6 13. f5 Bc4 14. g6 fxg6 15. Ng3 Bxf1 16. Rxf1 Ngf6 17. fxg6 Qc7 {1-0 (34) Aronian,L (2767)-So,W (2780) Saint Louis 2018}) 10... b4 11. Nd5 Bxd5 12. exd5 {The position is equal.} Nb6 13. Bg1 h6 (13... Nfxd5 $2 14. a5 $18) 14. f4 $146 ({Predecessor:} 14. Bxb6 Qxb6 15. Qd2 g6 16. O-O-O Bg7 17. Kb1 h5 {½-½ (32) Morozov,D (2455)-Zugrav,W (2567) ICCF email 2016}) 14... Be7 ({Don't play} 14... Nbxd5 $6 15. g5 $16) (14... Nfxd5 $2 15. a5 $18) 15. a5 $36 {[%mdl 2048] White has good play.} Nbxd5 {[#]} (15... Nbd7 $1 $11) 16. g5 $1 $16 Nxf4 17. gxf6 Bxf6 18. Qd2 Bh4+ 19. Kd1 Qg5 (19... O-O $16) 20. Be3 $18 O-O 21. Rg1 Qh5+ 22. Be2 ({White should play} 22. Kc1 $16) 22... Nxe2 23. Qxe2 Qxe2+ 24. Kxe2 Bg5 (24... Rfc8 $16) 25. Bxg5 hxg5 26. Rxg5 Rac8 27. Kd3 f5 28. Rag1 Rf7 29. Rg6 e4+ (29... Rc6 $142 30. R1g5 Kh8) 30. Kd2 f4 31. Nd4 ({Not} 31. Rxd6 e3+ 32. Kd3 Re8 $16) 31... Rc5 {intending ...Rd5.} 32. Rxd6 Rxa5 33. Ne6 e3+ 34. Ke2 f3+ 35. Kxe3 f2 36. Rf1 Re5+ 37. Kd2 Rf6 38. Rd8+ ({And not} 38. Rxa6 Rd5+ 39. Ke3 Re5+ 40. Kd2 Rd5+ 41. Ke2 Re5+ 42. Kd2 $11) 38... Kh7 39. Nd4 Rh5 40. Ke2 Re5+ 41. Kd2 Rh5 42. Rb8 Rxh2 43. Rxb4 g5 44. Rb3 Rg2 (44... Rd6 {was worth a try.} 45. Rd3 g4) 45. Rf3 {White is clearly winning.} Rxf3 46. Nxf3 g4 47. Nd4 Kg6 {If only Black now had time for ...g3....} 48. Ke3 g3 {With the idea ...Rg1.} 49. Ne2 (49. Nf3 $142 {Nh4+ is the strong threat.} Kg7 50. Kf4) 49... Kf5 {Accuracy: White = 73%, Black = 63%.} 1-0

[Event "CZE-ch Open 2019"]
[Site "Ostrava"]
[Date "2019.04.30"]
[Round "4.15"]
[White "Vrana, Frantisek"]
[Black "Mikes, Jan"]
[Result "0-1"]
[WhiteElo "2267"]
[BlackElo "2394"]
[Annotator "NA"]
[PlyCount "48"]
[EventDate "2019.04.27"]
[EventType "swiss"]
[EventCountry "CZE"]
[SourceTitle "playchess.com"]
[Source "ChessBase"]
[SourceQuality "1"]
[TimeControl "40/5400+30:1800+30"]

1. d4 {[%emt 0:00:00]} Nf6 {[%emt 0:00:00]} 2. c4 {[%emt 0:00:00]} g6 {[%emt 0:00:00]} 3. Nc3 {[%emt 0:00:03]} Bg7 {[%emt 0:00:00]} 4. e4 {[%emt 0:00:09]} d6 {[%emt 0:00:03]} 5. Be2 {[%emt 0:00:07]} O-O {[%emt 0:00:06]} 6. Bg5 {[%emt 0:00:08]} c5 {[%emt 0:00:39]} 7. d5 {[%emt 0:00:21]} h6 {[%emt 0:01:21]} 8. Be3 {[%emt 0:00:41]} e6 {[%emt 0:00:25]} 9. Qd2 {[%emt 0:01:21]} exd5 {[%emt 0:00:53]} 10. exd5 {[%emt 0:00:14]} Kh7 {[%emt 0:01:59]} 11. h3 {[%emt 0:00:42]} Re8 12. g4 b5 {[%emt 0:18:47]} 13. Nxb5 {[%emt 0:05:32]} Ne4 {[%emt 0:00:47]} 14. Qc1 {[%emt 0:04:16]} f5 {[%emt 0:14:37]} 15. Kf1 $11 {[%emt 0:05:42]} a6 {[%emt 0:10:13]} 16. Na3 {[%emt 0:01:58]} Ra7 {[%emt 0:00:47]} 17. Bd3 {[%emt 0:01:33]} Qf6 {[%emt 0:02:09]} 18. Ne2 {[%emt 0:15:41]} Rae7 {[%emt 0:03:10]} 19. Nc2 {[%emt 0:04:56]} fxg4 {[%emt 0:09:16]} 20. Nf4 {[%emt 0:10:27]} gxh3 {[%emt 0:01:45]} 21. Qd1 {[%emt 0:01:55]} Nxf2 {[%emt 0:05:33]} 22. Bxg6+ {[%emt 0:02:04]} Qxg6 {[%emt 0:01:12]} 23. Bxf2 {[%emt 0:04:52]} Qe4 {[%emt 0:00:42]} 24. Qd3 {[%emt 0:00:33]} Bf5 {[%emt 0:00:24]} 0-1

[Event "CZE-ch Open 2019"]
[Site "Ostrava"]
[Date "2019.04.30"]
[Round "4.16"]
[White "Mrazek, Lumir"]
[Black "Michenka, Jozef"]
[Result "1-0"]
[WhiteElo "2364"]
[BlackElo "2287"]
[Annotator "NA"]
[PlyCount "75"]
[EventDate "2019.04.27"]
[EventType "swiss"]
[EventCountry "CZE"]
[SourceTitle "playchess.com"]
[Source "ChessBase"]
[SourceQuality "1"]
[TimeControl "40/5400+30:1800+30"]

1. e4 {[%emt 0:00:19]} c5 {[%emt 0:00:00]} 2. Nf3 {[%emt 0:00:57]} Nc6 {[%emt 0:00:30]} 3. Nc3 {[%emt 0:00:43]} g6 {[%emt 0:03:17]} 4. Bb5 {[%emt 0:01:41]} Nd4 {[%emt 0:02:28]} 5. O-O Bg7 6. Nxd4 {[%emt 0:06:46]} cxd4 {[%emt 0:01:54]} 7. Ne2 {[%emt 0:00:30]} Nf6 {[%emt 0:05:59]} 8. d3 {[%emt 0:08:13]} Qb6 {[%emt 0:00:21]} 9. Ba4 {[%emt 0:02:46]} O-O {[%emt 0:00:20]} 10. c3 {[%emt 0:05:48]} dxc3 {[%emt 0:04:30]} 11. bxc3 {[%emt 0:01:15]} d5 {[%emt 0:01:11]} 12. e5 {[%emt 0:04:59]} Nd7 {[%emt 0:00:29]} 13. d4 $11 {[%emt 0:01:59]} Qc7 {[%emt 0:00:39]} 14. Bf4 {[%emt 0:05:04]} e6 {[%emt 0:01:21]} 15. Bc1 {[%emt 0:03:01]} f5 {[%emt 0:04:34]} 16. Ba3 {[%emt 0:03:03]} Rf7 {[%emt 0:00:08]} 17. Nf4 {[%emt 0:03:48]} Qxc3 {[%emt 0:08:19]} 18. Bd6 {[%emt 0:00:57]} Bh6 {[%emt 0:27:33]} 19. Nxd5 {[%emt 0:25:49]} exd5 {[%emt 0:00:09]} 20. e6 {[%emt 0:00:02]} Rf6 {[%emt 0:00:43]} 21. Re1 {[%emt 0:03:44]} Nb6 {[%emt 0:08:56]} 22. e7 {[%emt 0:00:34]} Be6 {[%emt 0:00:27]} 23. e8=Q+ {[%emt 0:01:00]} Rxe8 {[%emt 0:00:08]} 24. Bxe8 {[%emt 0:00:04]} Nc8 {[%emt 0:08:38]} 25. Be5 {[%emt 0:01:57]} Rf8 {[%emt 0:00:05]} 26. Ba4 {[%emt 0:00:27]} Qa5 {[%emt 0:03:50]} 27. Rb1 {[%emt 0:04:17]} Qa6 {[%emt 0:02:10]} 28. Bb3 {[%emt 0:01:04]} Bf7 {[%emt 0:02:48]} 29. f4 {[%emt 0:00:56]} Nb6 {[%emt 0:00:42]} 30. Qf3 {[%emt 0:03:28]} Re8 {[%emt 0:03:03]} 31. Rec1 {[%emt 0:01:13]} Bf8 {[%emt 0:04:11]} 32. Rc7 {[%emt 0:00:23]} Rd8 {[%emt 0:00:19]} 33. Qh3 {[%emt 0:01:52]} Nd7 {[%emt 0:02:45]} 34. Qh4 {[%emt 0:01:36]} Nxe5 {[%emt 0:02:31]} 35. fxe5 {[%emt 0:01:34]} Qd3 {[%emt 0:00:17]} 36. Rd1 {[%emt 0:02:50]} Qe3+ {[%emt 0:00:17]} 37. Qf2 {[%emt 0:00:06]} Bh6 {[%emt 0:00:26]} 38. Re1 {[%emt 0:00:33]} 1-0

[Event "CZE-ch Open 2019"]
[Site "Ostrava"]
[Date "2019.04.30"]
[Round "4.17"]
[White "Jasny, Stanislav"]
[Black "Jedlicka, Ales"]
[Result "1-0"]
[WhiteElo "2347"]
[BlackElo "2236"]
[Annotator "NA"]
[PlyCount "81"]
[EventDate "2019.04.27"]
[EventType "swiss"]
[EventCountry "CZE"]
[SourceTitle "playchess.com"]
[Source "ChessBase"]
[SourceQuality "1"]
[TimeControl "40/5400+30:1800+30"]

1. d4 {[%emt 0:00:00]} Nf6 {[%emt 0:00:00]} 2. Nf3 {[%emt 0:00:00]} g6 {[%emt 0:00:12]} 3. c4 {[%emt 0:00:03]} Bg7 {[%emt 0:00:10]} 4. Nc3 {[%emt 0:00:21]} O-O {[%emt 0:00:23]} 5. e4 {[%emt 0:00:12]} d6 {[%emt 0:00:15]} 6. h3 {[%emt 0:00:07]} e5 {[%emt 0:01:21]} 7. d5 {[%emt 0:00:06]} a5 {[%emt 0:00:33]} 8. g4 {[%emt 0:00:06]} Na6 {[%emt 0:00:28]} 9. Be3 {[%emt 0:00:07]} Nd7 {[%emt 0:00:43]} 10. a3 {[%emt 0:00:07]} Nb6 {[%emt 0:00:55]} 11. Rg1 {[%emt 0:02:03]} Nc5 {[%emt 0:02:22]} 12. b3 {[%emt 0:03:13]} Bd7 13. a4 c6 {[%emt 0:13:03]} 14. dxc6 {[%emt 0:02:40]} Bxc6 {[%emt 0:00:22]} 15. Bd3 {[%emt 0:04:29]} Nbd7 $11 {[%emt 0:11:02]} 16. Bc2 {[%emt 0:00:39]} Qe7 {[%emt 0:00:36]} 17. h4 {[%emt 0:19:33]} Nf6 {[%emt 0:10:07]} 18. Nd2 {[%emt 0:04:08]} Ne6 {[%emt 0:01:06]} 19. h5 {[%emt 0:03:02]} Nd7 {[%emt 0:12:49]} 20. Nf3 {[%emt 0:01:44]} Nf4 {[%emt 0:01:35]} 21. Qd2 {[%emt 0:04:23]} Nc5 {[%emt 0:02:54]} 22. Rd1 {[%emt 0:07:54]} Rfd8 {[%emt 0:00:28]} 23. Kf1 {[%emt 0:04:14]} b6 {[%emt 0:03:53]} 24. Nd5 {[%emt 0:00:22]} Bxd5 {[%emt 0:06:44]} 25. exd5 {[%emt 0:00:06]} Re8 {[%emt 0:03:01]} 26. Re1 {[%emt 0:01:02]} g5 {[%emt 0:12:19]} 27. h6 {[%emt 0:14:17]} Bxh6 {[%emt 0:03:53]} 28. Bxf4 {[%emt 0:00:21]} gxf4 {[%emt 0:00:13]} 29. g5 {[%emt 0:03:33]} Bg7 {[%emt 0:00:51]} 30. Nh4 {[%emt 0:01:07]} e4 {[%emt 0:02:29]} 31. Qxf4 {[%emt 0:01:15]} Qe5 {[%emt 0:00:39]} 32. Rg4 {[%emt 0:06:54]} Qxf4 {[%emt 0:06:12]} 33. Rxf4 {[%emt 0:00:08]} Nd3 {[%emt 0:03:21]} 34. Bxd3 {[%emt 0:01:50]} exd3 {[%emt 0:00:10]} 35. Rd1 {[%emt 0:00:31]} d2 {[%emt 0:01:13]} 36. Rxd2 {[%emt 0:00:22]} h6 {[%emt 0:00:38]} 37. gxh6 {[%emt 0:02:42]} Bxh6 {[%emt 0:00:08]} 38. Rg4+ {[%emt 0:00:04]} Kf8 {[%emt 0:01:12]} 39. Rd3 {[%emt 0:03:29]} Re5 {[%emt 0:00:36]} 40. Rf3 {[%emt 0:00:09]} Bc1 {[%emt 0:00:31]} 41. Ng6+ {[%emt 0:30:36]} 1-0

[Event "CZE-ch Open 2019"]
[Site "Ostrava"]
[Date "2019.04.30"]
[Round "4.18"]
[White "Freisler, Pavel"]
[Black "Kulhanek, Tomas"]
[Result "0-1"]
[WhiteElo "2245"]
[BlackElo "2316"]
[Annotator "NA"]
[PlyCount "142"]
[EventDate "2019.04.27"]
[EventType "swiss"]
[EventCountry "CZE"]
[SourceTitle "playchess.com"]
[Source "ChessBase"]
[SourceQuality "1"]
[TimeControl "40/5400+30:1800+30"]

1. Nf3 {[%emt 0:00:00]} d6 {[%emt 0:00:00]} 2. d4 {[%emt 0:01:44]} Bg4 {[%emt 0:00:00]} 3. g3 {[%emt 0:01:46]} Bxf3 {[%emt 0:00:27]} 4. exf3 {[%emt 0:00:02]} c6 {[%emt 0:00:24]} 5. f4 {[%emt 0:01:42]} g6 {[%emt 0:01:08]} 6. Nd2 {[%emt 0:00:56]} Bg7 {[%emt 0:00:42]} 7. Nf3 {[%emt 0:00:05]} e6 {[%emt 0:00:47]} 8. Bd3 Ne7 {[%emt 0:01:01]} 9. h4 {[%emt 0:15:11]} h5 {[%emt 0:00:27]} 10. c3 {[%emt 0:09:04]} Nd7 {[%emt 0:03:08]} 11. Qc2 {[%emt 0:04:28]} O-O {[%emt 0:03:57]} 12. O-O $11 {[%emt 0:00:36]} c5 {[%emt 0:03:47]} 13. Be3 {[%emt 0:03:57]} Rc8 {[%emt 0:02:35]} 14. Rad1 {[%emt 0:09:10]} Nd5 {[%emt 0:08:27]} 15. Qe2 {[%emt 0:01:50]} a6 {[%emt 0:02:23]} 16. Bc1 {[%emt 0:06:09]} Re8 {[%emt 0:03:53]} 17. c4 {[%emt 0:09:57]} Nb4 {[%emt 0:04:37]} 18. Bb1 {[%emt 0:01:01]} Qc7 {[%emt 0:04:13]} 19. dxc5 {[%emt 0:04:15]} dxc5 {[%emt 0:00:58]} 20. Ng5 {[%emt 0:01:28]} Nc6 {[%emt 0:02:29]} 21. Qd3 {[%emt 0:13:29]} Nf6 {[%emt 0:01:03]} 22. Be3 {[%emt 0:02:04]} Nd4 {[%emt 0:02:56]} 23. Bxd4 {[%emt 0:00:52]} cxd4 {[%emt 0:00:03]} 24. b3 {[%emt 0:01:19]} Nd7 {[%emt 0:09:35]} 25. Rfe1 {[%emt 0:01:50]} Nc5 {[%emt 0:00:54]} 26. Qf3 {[%emt 0:01:30]} Qc6 {[%emt 0:04:30]} 27. Be4 {[%emt 0:00:57]} Qb6 {[%emt 0:02:30]} 28. Bd3 {[%emt 0:01:26]} a5 {[%emt 0:09:04]} 29. g4 {[%emt 0:01:58]} hxg4 {[%emt 0:01:37]} 30. Qxg4 {[%emt 0:00:06]} Nxd3 {[%emt 0:02:06]} 31. Rxd3 {[%emt 0:00:07]} Qc5 {[%emt 0:00:29]} 32. Rh3 {[%emt 0:02:54]} Qf5 {[%emt 0:00:46]} 33. Qf3 {[%emt 0:00:10]} b5 {[%emt 0:06:21]} 34. Ne4 {[%emt 0:01:20]} Red8 {[%emt 0:01:35]} 35. c5 {[%emt 0:01:08]} Qh5 {[%emt 0:01:51]} 36. Qxh5 {[%emt 0:01:54]} gxh5 {[%emt 0:00:02]} 37. Rg3 {[%emt 0:00:20]} Kf8 {[%emt 0:01:30]} 38. Kf1 {[%emt 0:01:06]} d3 {[%emt 0:00:57]} 39. Rd1 {[%emt 0:00:08]} Rd4 {[%emt 0:01:27]} 40. Re3 {[%emt 0:00:09]} d2 {[%emt 0:05:02]} 41. Ke2 {[%emt 0:15:26]} Bh6 {[%emt 0:01:10]} 42. Rxd2 {[%emt 0:05:41]} Rxd2+ {[%emt 0:00:39]} 43. Nxd2 {[%emt 0:00:01]} Rxc5 {[%emt 0:00:39]} 44. Re5 {[%emt 0:00:30]} Rc2 {[%emt 0:00:39]} 45. Re4 {[%emt 0:03:56]} Rxa2 {[%emt 0:00:53]} 46. Kd3 {[%emt 0:00:01]} e5 {[%emt 0:03:06]} 47. Nf3 {[%emt 0:00:15]} Rxf2 {[%emt 0:06:32]} 48. Nxe5 {[%emt 0:04:25]} Rxf4 {[%emt 0:01:02]} 49. Nd7+ {[%emt 0:00:01]} Kg7 {[%emt 0:00:41]} 50. Re5 {[%emt 0:00:02]} Rf3+ {[%emt 0:03:42]} 51. Kc2 {[%emt 0:00:23]} Rf2+ {[%emt 0:00:11]} 52. Kc3 {[%emt 0:00:06]} Bd2+ {[%emt 0:02:45]} 53. Kd3 {[%emt 0:00:27]} Bc1 {[%emt 0:01:36]} 54. Rc5 {[%emt 0:01:23]} Rd2+ {[%emt 0:02:18]} 55. Ke4 {[%emt 0:00:01]} Rxd7 {[%emt 0:00:53]} 56. Rxc1 {[%emt 0:00:02]} a4 {[%emt 0:00:15]} 57. b4 {[%emt 0:01:36]} a3 {[%emt 0:04:38]} 58. Ra1 {[%emt 0:01:05]} Rc7 {[%emt 0:00:22]} 59. Rxa3 {[%emt 0:00:11]} Rc4+ {[%emt 0:00:05]} 60. Kf5 {[%emt 0:02:22]} Rxh4 {[%emt 0:00:30]} 61. Kg5 {[%emt 0:00:11]} Rxb4 {[%emt 0:00:13]} 62. Kxh5 {[%emt 0:00:05]} Rb1 {[%emt 0:00:30]} 63. Kg5 {[%emt 0:01:28]} b4 {[%emt 0:00:14]} 64. Rg3 {[%emt 0:00:03]} b3 {[%emt 0:00:33]} 65. Kf5+ {[%emt 0:00:06]} Kf8 {[%emt 0:00:21]} 66. Rf3 {[%emt 0:00:31]} b2 {[%emt 0:01:13]} 67. Rf2 {[%emt 0:00:02]} Ke7 {[%emt 0:00:08]} 68. Re2+ {[%emt 0:00:45]} Kd6 {[%emt 0:00:09]} 69. Rf2 {[%emt 0:00:00]} Kd5 {[%emt 0:00:28]} 70. Kf6 {[%emt 0:00:07]} Kc4 {[%emt 0:00:14]} 71. Kxf7 {[%emt 0:00:05]} Kb3 {[%emt 0:00:09]} 0-1

[Event "CZE-ch Open 2019"]
[Site "Ostrava"]
[Date "2019.04.30"]
[Round "4.19"]
[White "Liska, Jiri"]
[Black "Svanda, Ondrej"]
[Result "0-1"]
[WhiteElo "2236"]
[BlackElo "2309"]
[Annotator "NA"]
[PlyCount "88"]
[EventDate "2019.04.27"]
[EventType "swiss"]
[EventCountry "CZE"]
[SourceTitle "playchess.com"]
[Source "ChessBase"]
[SourceQuality "1"]
[TimeControl "40/5400+30:1800+30"]

1. Nf3 {[%emt 0:00:00]} Nf6 {[%emt 0:00:00]} 2. c4 {[%emt 0:00:00]} g6 {[%emt 0:00:00]} 3. b3 {[%emt 0:01:11]} Bg7 {[%emt 0:00:07]} 4. Bb2 {[%emt 0:00:06]} O-O {[%emt 0:00:17]} 5. g3 {[%emt 0:00:40]} c6 {[%emt 0:00:50]} 6. Bg2 {[%emt 0:00:16]} d5 {[%emt 0:00:05]} 7. O-O {[%emt 0:00:38]} Bf5 {[%emt 0:00:58]} 8. d3 {[%emt 0:02:30]} Re8 9. Nbd2 a5 {[%emt 0:19:49]} 10. Qc2 {[%emt 0:04:37]} Na6 {[%emt 0:00:59]} 11. a3 {[%emt 0:00:40]} Rc8 {[%emt 0:05:48]} 12. h3 {[%emt 0:08:24]} Qb6 {[%emt 0:05:38]} 13. e4 {[%emt 0:07:35]} dxe4 {[%emt 0:01:54]} 14. Nxe4 {[%emt 0:09:23]} Nxe4 {[%emt 0:01:11]} 15. Bxg7 {[%emt 0:14:36]} Nec5 {[%emt 0:02:21]} 16. Bd4 {[%emt 0:01:17]} Qxb3 {[%emt 0:00:50]} 17. Qd2 {[%emt 0:01:52]} f6 {[%emt 0:06:32]} 18. Rfd1 {[%emt 0:17:16]} Bxd3 {[%emt 0:15:18]} 19. Qxa5 {[%emt 0:06:51]} b6 {[%emt 0:01:39]} 20. Qe1 {[%emt 0:00:21]} e5 {[%emt 0:07:06]} 21. Be3 {[%emt 0:00:58]} Red8 {[%emt 0:05:08]} 22. Nd2 {[%emt 0:06:38]} Qa4 {[%emt 0:02:17]} 23. f4 {[%emt 0:01:11]} Bc2 {[%emt 0:02:01]} 24. Bxc5 {[%emt 0:08:58]} Nxc5 {[%emt 0:01:13]} 25. Ne4 {[%emt 0:00:23]} Rxd1 {[%emt 0:06:51]} 26. Nxf6+ {[%emt 0:00:17]} Kf7 {[%emt 0:00:24]} 27. Rxd1 {[%emt 0:00:14]} Bxd1 {[%emt 0:00:04]} 28. Qxe5 {[%emt 0:01:42]} Qxc4 {[%emt 0:11:02]} 29. Nd5 {[%emt 0:03:56]} Nd7 {[%emt 0:01:15]} 30. Qe7+ {[%emt 0:00:28]} Kg8 {[%emt 0:00:04]} 31. Qxd7 {[%emt 0:00:19]} Qc5+ {[%emt 0:00:37]} 32. Kh2 {[%emt 0:00:18]} cxd5 {[%emt 0:00:12]} 33. Qe6+ {[%emt 0:00:41]} Kf8 {[%emt 0:00:46]} 34. Bxd5 {[%emt 0:01:02]} Qf2+ {[%emt 0:00:05]} 35. Bg2 {[%emt 0:00:05]} Qc5 {[%emt 0:01:18]} 36. Bd5 {[%emt 0:00:42]} Qc2+ {[%emt 0:00:55]} 37. Kh1 {[%emt 0:00:38]} Qf5 {[%emt 0:01:01]} 38. Qg8+ {[%emt 0:01:41]} Ke7 {[%emt 0:00:05]} 39. Qg7+ {[%emt 0:00:16]} Kd6 {[%emt 0:00:28]} 40. Bg2 {[%emt 0:00:17]} Bb3 {[%emt 0:01:27]} 41. Qd4+ {[%emt 0:30:40]} Bd5 {[%emt 0:03:41]} 42. g4 {[%emt 0:00:00]} Qe6 {[%emt 0:00:52]} 43. Qxb6+ {[%emt 0:00:00]} Ke7 {[%emt 0:02:59]} 44. Qa7+ {[%emt 0:00:00]} Kf8 {[%emt 0:00:48]} 0-1